Труды Первого Всероссийского съезда по библиотечному делу, 1-7 июня 1911г. (Запись № 2498893)

Подробности
000 -МАРКЕР
контрольное поле 01881nam0a2200385 4500
001 - ИДЕНТИФИКАТОР ЗАПИСИ
контрольное поле RU\NLR\bibl\1868642
005 - ИДЕНТИФИКАТОР ВЕРСИИ
контрольное поле 20260408053624.0
010 ## - МЕЖДУНАРОДНЫЙ СТАНДАРТНЫЙ НОМЕР КНИГИ (ISBN)
Номер (ISBN) 978-5-8192-0419-1
Тираж 300
021 ## - НОМЕР ГОСУДАРСТВЕННОЙ РЕГИСТРАЦИИ
Код страны Российская Федерация
Номер 2012-15618
Номер Листа государственной регистраци 1174
035 ## - ДРУГИЕ СИСТЕМНЫЕ НОМЕРА
Идентификатор записи (NLR Aleph) 001858499
100 ## - ДАННЫЕ ОБЩЕЙ ОБРАБОТКИ
Данные общей обработки 20120213d2011 |||y0rusy50 ca
101 0# - ЯЗЫК РЕСУРСА
Язык текста, звукозаписи и т.д. русский
102 ## - СТРАНА ПУБЛИКАЦИИ ИЛИ ПРОИЗВОДСТВА
Страна публикации Российская Федерация
105 ## - ПОЛЕ КОДИРОВАННЫХ ДАННЫХ: ТЕКСТОВЫЕ МАТЕРИАЛЫ, МОНОГРАФИЧЕСКИЕ
Кодированные данные о монографическом текстовом документе y |||||||||
135 ## - ПОЛЕ КОДИРОВАННЫХ ДАННЫХ: ЭЛЕКТРОННЫЕ РЕСУРСЫ
Кодированные данные для электронного ресурса crbn 001anaba
200 1# - ЗАГЛАВИЕ И СВЕДЕНИЯ ОБ ОТВЕТСТВЕННОСТИ
Основное заглавие Труды Первого Всероссийского съезда по библиотечному делу, 1-7 июня 1911г.
Сведения, относящиеся к заглавию избранные материалы
210 ## - ПУБЛИКАЦИЯ, РАСПРОСТРАНЕНИЕ И ДР.
Место издания, распространения и т.д. Санкт-Петербург
Имя издателя, распространителя и т. д. Российская национальная библиотека
Дата издания, распространения и т.д. 2011
215 ## - ФИЗИЧЕСКАЯ ХАРАКТЕРИСТИКА
Специфическое обозначение материала и объем 216 с.
Другие сведения о физической характеристике ил.
Размеры 20
225 1# - СЕРИЯ
Основное заглавие серии Серия "Библиотековедение: изучая прошлое - созидаем будущее"
Обозначение тома вып. 3
300 ## - ОБЩИЕ ПРИМЕЧАНИЯ
Текст примечания В надзаг.: Рос. нац. б-ка
325 1# - ПРИМЕЧАНИЕ О КОПИИ
Текст примечания Копия доступна в электронной библиотеке РНБ
606 1# - НАИМЕНОВАНИЕ ТЕМЫ КАК ПРЕДМЕТ
Наименование темы Библиотечное дело
Тематический подзаголовок История
Географический подзаголовок Россия
Системный номер авторитетной/нормативной записи 2093055
Идентификатор авторитетной/нормативной записи RU\NLR\auth\661266684
686 ## - ИНДЕКСЫ ДРУГИХ КЛАССИФИКАЦИЙ
Индекс Ч733(2)5я431
710 12 - НАИМЕНОВАНИЕ ОРГАНИЗАЦИИ - ПЕРВИЧНАЯ ОТВЕТСТВЕННОСТЬ
Начальный элемент ввода Всероссийский съезд по библиотечному делу
Порядковый номер временной организации и / или порядковый номер ее части 1
Дата проведения временной организации 1911
Место проведения временной организации Петербург
Идентификатор авторитетной/нормативной записи RU\NLR\AUTH\8810199998
Системный номер авторитетной/нормативной записи 288388
801 #0 - ИСТОЧНИК ЗАПИСИ
Страна Российская Федерация
Организация NLR
Дата составления 20120213
Правила каталогизации RCR
801 #1 - ИСТОЧНИК ЗАПИСИ
Страна Российская Федерация
Организация NLR
Дата составления 20120213
901 ## - ДАННЫЕ ОБ ОБЪЕКТЕ ОЦИФРОВКИ
-- Книжные издания
942 ## - ДОПОЛНИТЕЛЬНЫЕ ЭЛЕМЕНТЫ ЗАПИСИ (АБИС)
Тип экземпляра АБИС Книга
980 ## - КОЛЛЕКЦИЯ
Название коллекции Национальная библиография
980 ## - КОЛЛЕКЦИЯ
Название коллекции НБР
981 18 - КОЛЛЕКЦИЯ ЭЛЕКТРОННОЙ БИБЛИОТЕКИ
Название коллекции Планета РНБ
Название подколлекции Труды сотрудников РНБ
Экземпляры
Тип экземпляра Дата поступления Источник поступления Стоимость Библиотека постоянного хранения Библиотека текущего хранения Место хранения Шифр хранения Штрих-код Статус экземпляра
Книга 13.02.2012 Обмен 250.00 РНБ (Московский) РНБ (Московский) Фонд общего зала литературы по филологии, педагогике и искусству (гуманитарной литературы) Л1 Ч733/В-850 1-247977  
Книга 21.03.2012 Обязательный экземпляр   РНБ (Московский) РНБ (Московский) Обменный фонд обм 2021/218 1-3341794 Доставлен в Фoнд
Книга 10.06.2022   200.00 РНБ (Московский) РНБ (Московский) Обменный фонд   1-3838814  
Книга 03.07.2024 Контрольный экземпляр из типографии 200.00 РНБ (Московский) РНБ (Московский) Обменный фонд   1-4636063  
Книга 14.04.2025 Дар 100.00 РНБ (Московский) РНБ (Московский) Обменный фонд   1-4921548  
Книга 13.02.2012 Обмен 250.00 РНБ (Садовая) РНБ (Садовая) Фонд литературы по библиотековедению Б 4315/Т-782 3593949  
Книга 13.02.2012 Обмен 250.00 РНБ (Садовая) РНБ (Садовая) Фонд литературы по библиотековедению, коллекция   3593951  
Книга 13.02.2012 Обмен 250.00 РНБ (Садовая) РНБ (Садовая) Фонд литературы по библиотековедению, подручный   3593956  
Книга 13.02.2012 Обмен 250.00 РНБ (Садовая) РНБ (Садовая) Фонд литературы по библиотековедению, подручный   3593957  
Книга 13.02.2012 Обмен 250.00 РНБ (Садовая) РНБ (Садовая) Фонд литературы по библиотековедению, подручный   3593958  
Книга 13.02.2012 Обмен 250.00 РНБ (Садовая) РНБ (Садовая) Фонд литературы по библиотековедению, подручный   3593959  
Книга 13.02.2012 Обмен 250.00 РНБ (Садовая) РНБ (Садовая) Отдел истории библиотечного дела, подручно-справочный фонд   3593960  
Книга 13.02.2012 Обмен 250.00 РНБ (Садовая) РНБ (Садовая) Отдел межбиблиотечного взаимодействия   1-19474  
Книга 13.02.2012 Обмен 250.00 РНБ (Садовая) РНБ (Садовая) Научно-методический отдел библиотековедения   3593963  
Книга 13.02.2012 Обмен 250.00 РНБ (Садовая) РНБ (Садовая) Научно-методический отдел библиотековедения   3593964  
Книга 13.02.2012 Обмен 250.00 РНБ (Садовая) РНБ (Садовая) Научно-методический отдел библиотековедения   3593965  
Книга 13.02.2012 Обмен 250.00 РНБ (Садовая) РНБ (Садовая) Научно-методический отдел библиотековедения   3593966  
Книга 13.02.2012 Обмен 250.00 РНБ (Садовая) РНБ (Садовая) Научно-методический отдел библиотековедения   3593967  
Книга 21.03.2012 Обязательный экземпляр   РНБ (Садовая) РНБ (Садовая) Фонд литературы по библиотековедению Б 4315/Т-782 3619322